Discrete variable methods in ordinary differential equations /
Guardado en:
| Autor Principal: | |
|---|---|
| Formato: | Libro |
| Idioma: | English |
| Publicado: |
New York :
Wiley,
c1962.
|
| Etiquetas: |
Agregar Etiqueta
Sin Etiquetas, Sea el primero en etiquetar este registro!
|
| LEADER | 00596nam a22001815 4500 | ||
|---|---|---|---|
| 001 | MAT.inmabb001763 | ||
| 008 | 840619s1962####nyua#####b####001#0#eng#d | ||
| 005 | 20150716170000.0 | ||
| 245 | 1 | 0 | |a Discrete variable methods in ordinary differential equations / |c Peter Henrici. |
| 260 | |a New York : |b Wiley, |c c1962. | ||
| 300 | |a xi, 407 p. : |b il. ; |c 24 cm. | ||
| 504 | |a Bibliografía: p. 389-400. | ||
| 510 | 4 | |a MR, |c 24 #B1772 | |
| 100 | 1 | |a Henrici, Peter, |d 1923- | |
| 084 | |a 65.61 |2 MR | ||
| 010 | |a 61017359 | ||
| 859 | |h 65 |i H518d |p A-3139 |b BIB. MATEMATICA | ||
| 859 | |h 65 |i H518d |p A-3695 |t Ej. 2 |b BIB. MATEMATICA | ||
